LEADER 00901cam0-22003131i-450- 001 990006911610403321 005 20070702105732.0 010 $a0-415-17107-5 035 $a000691161 035 $aFED01000691161 035 $a(Aleph)000691161FED01 035 $a000691161 100 $a20010525d1997----km-y0itay50------ba 101 0 $aeng 102 $aGB 105 $ay-------001yy 200 1 $a<>historical introduction to the European union$fPhilip Thody 210 $aLondon [etc.]$cRoutledge$d1997 215 $aXXVI, 117 p.$d22 cm 610 0 $aEuropa$aIntegrazione economica$a1950-1997 676 $a337.14$v21$zita 700 1$aThody,$bPhilip$0221050 801 0$aIT$bUNINA$gRICA$2UNIMARC 901 $aBK 912 $a990006911610403321 952 $aIX C 30$b36527$fFSPBC 959 $aFSPBC 996 $aHistorical introduction to the European union$9630033 997 $aUNINA LEADER 00898cam0-22003251i-450- 001 990000192220403321 005 20060927120514.0 035 $a000019222 035 $aFED01000019222 035 $a(Aleph)000019222FED01 035 $a000019222 100 $a20020821d1960----km-y0itay50------ba 101 0 $afre 102 $aFR 105 $af-------001yy 200 1 $aCéramique générale$enotions de physico-chimie$fC. A. Jouenne 210 $aParis$cGauthier-Villars$d1960 215 $a2 v.$d25 cm 225 1 $aCours de céramique industrielle 610 0 $aCeramiche 676 $a738 700 1$aJouenne,$bCharles Albert$0295372 801 0$aIT$bUNINA$gRICA$2UNIMARC 901 $aBK 912 $a990000192220403321 952 $a13 B 16 31$b24119/1$fFINBC 952 $a13 B 16 32$b24119/2$fFINBC 959 $aFINBC 996 $aCéramique générale$9122589 997 $aUNINA